[Event "SVK-ch U16"]
[Site "Tatralandia"]
[Date "2024.04.10"]
[Round "7"]
[White "Polomsky, Tomas"]
[Black "Earle, Dominic James"]
[Result "0-1"]
[WhiteElo "1951"]
[BlackElo "1849"]
[PlyCount "84"]
[EventDate "2024.04.05"]
[EventType "swiss"]
[EventRounds "9"]
[EventCountry "SVK"]
[SourceTitle "CB16_2024"]
[SourceDate "2024.04.17"]
[SourceVersion "1"]
[SourceVersionDate "2024.04.17"]
[SourceQuality "1"]

1. d4 f5 2. Bg5 d5 3. c4 c6 4. cxd5 cxd5 5. Nc3 h6 6. Bf4 Nf6 7. e3 e6 8. Be2 Be7 9. Nf3 Nc6 10. 0-0 0-0 11. Ne5 Nxe5 12. Bxe5 Nd7 13. Bg3 g5 14. h3 a6 15. Qd2 Nf6 16. Rac1 Bd7 17. Rc2 Bc6 18. a3 Qd7 19. Rb1 Rf7 20. b4 Raf8 21. Rb3 Ba4 22. Nxa4 Qxa4 23. Qd3 Ne4 24. Bh5 Rg7 25. Be5 Bf6 26. Bxf6 Nxf6 27. Bd1 Qe8 28. Rbc3 Qb8 29. b5 Ne4 30. Rb3 g4 31. hxg4 fxg4 32. bxa6 g3 33. Bf3 gxf2+ 34. Rxf2 Nxf2 35. Kxf2 Qh2 36. Qf1 bxa6 37. Ke2 Rxf3 38. Qxf3 Rxg2+ 39. Kd3 Rd2+ 40. Kc3 Rc2+ 41. Kb4 Qd2+ 42. Ka4 Rc4+ 0-1

[Event "SVK-ch U16"]
[Site "Tatralandia"]
[Date "2024.04.09"]
[Round "6"]
[White "Cizmar, Tomas"]
[Black "Polomsky, Tomas"]
[Result "0-1"]
[WhiteElo "1736"]
[BlackElo "1951"]
[PlyCount "78"]
[EventDate "2024.04.05"]
[EventType "swiss"]
[EventRounds "9"]
[EventCountry "SVK"]
[SourceTitle "CB16_2024"]
[SourceDate "2024.04.17"]
[SourceVersion "1"]
[SourceVersionDate "2024.04.17"]
[SourceQuality "1"]

1. e4 c5 2. Nf3 Nc6 3. d4 cxd4 4. Nxd4 g6 5. Nc3 Bg7 6. Be3 Nf6 7. f3 0-0 8. Qd2 d5 9. Nxc6 bxc6 10. 0-0-0 Be6 11. h4 dxe4 12. Qxd8 Rfxd8 13. Rxd8+ Rxd8 14. Nxe4 Nxe4 15. fxe4 Rb8 16. b3 a5 17. Kd2 a4 18. Bd3 axb3 19. axb3 Ra8 20. Bc5 Bf6 21. b4 Kg7 22. Ke3 Rb8 23. Bd4 Bxd4+ 24. Kxd4 Rxb4+ 25. Kc5 Rb8 26. Kxc6 Kf6 27. g3 Ke5 28. h5 Kd4 29. hxg6 hxg6 30. Rf1 Rc8+ 31. Kb5 f6 32. e5 fxe5 33. Rd1 e4 34. Bc4+ Ke5 35. Bxe6 Kxe6 36. c4 Ke5 37. Rd5+ Ke6 38. Rd4 Kf5 39. Rd7 e5 0-1

[Event "SVK-chT1E 2223"]
[Site "Slovakia"]
[Date "2022.12.04"]
[Round "6.6"]
[White "Ondo, Radoslav"]
[Black "Polomsky, Tomas"]
[Result "1/2-1/2"]
[WhiteElo "2014"]
[BlackElo "1615"]
[PlyCount "40"]
[EventDate "2022.10.15"]
[EventType "team-tourn"]
[EventRounds "11"]
[EventCountry "SVK"]
[SourceTitle "EXT 2024"]
[Source "ChessBase"]
[SourceDate "2023.10.10"]
[SourceVersion "1"]
[SourceVersionDate "2023.10.10"]
[SourceQuality "1"]
[WhiteTeam "Michalovce Zemplin"]
[BlackTeam "Kosice Slavia TU"]
[WhiteTeamCountry "SVK"]
[BlackTeamCountry "SVK"]

1. e4 c5 2. c4 Nc6 3. Nc3 g6 4. d3 Bg7 5. g3 e6 6. Bg2 Nge7 7. f4 0-0 8. Nge2 b6 9. 0-0 Bb7 10. Be3 Na5 11. Bf2 d5 12. b3 dxe4 13. dxe4 Nac6 14. g4 a6 15. Qxd8 Raxd8 16. Rad1 Nc8 17. Bh4 Bd4+ 18. Kh1 f6 19. Na4 h6 20. e5 g5 1/2-1/2

[Event "SVK-ch U14"]
[Site "Stara Lubovna"]
[Date "2022.05.27"]
[Round "8"]
[White "Hudak, Jan"]
[Black "Polomsky, Tomas"]
[Result "0-1"]
[WhiteElo "1688"]
[BlackElo "1467"]
[PlyCount "72"]
[EventDate "2022.05.21"]
[EventType "swiss"]
[EventRounds "9"]
[EventCountry "SVK"]
[SourceTitle "CBM 208 Extra"]
[Source "ChessBase"]
[SourceDate "2022.07.31"]
[SourceVersion "1"]
[SourceVersionDate "2022.07.31"]
[SourceQuality "1"]

1. e4 c5 2. Ne2 Nc6 3. Nbc3 e6 4. d4 cxd4 5. Nxd4 a6 6. Be3 Qc7 7. Bc4 Nf6 8. Bb3 Bb4 9. 0-0 Bxc3 10. bxc3 0-0 11. f3 Qa5 12. Qe1 d5 13. Bg5 Nd7 14. exd5 exd5 15. Nxc6 bxc6 16. c4 Qc5+ 17. Kh1 f6 18. cxd5 cxd5 19. Bd2 Qc6 20. Rd1 Nb6 21. Ba5 Nc4 22. Qc3 Be6 23. Rfe1 Rfe8 24. Rd4 Rab8 25. Red1 Rb5 26. Bb4 Reb8 27. Ba4 Qb6 28. Bxb5 Qxb5 29. Ba3 Qa4 30. R4d3 Nxa3 31. Qxa3 Qxc2 32. Qd6 Re8 33. R3d2 Qc3 34. Re2 Kf7 35. Rde1 d4 36. Rxe6 Qxe1+ 0-1

[Event "SVK-chT2D 2122"]
[Site "Slovakia"]
[Date "2022.03.26"]
[Round "8.6"]
[White "Polomsky, Tomas"]
[Black "Lejnarova, Maria"]
[Result "0-1"]
[WhiteElo "1436"]
[BlackElo "1796"]
[PlyCount "62"]
[EventDate "2021.10.16"]
[EventType "team-tourn"]
[EventRounds "11"]
[EventCountry "SVK"]
[SourceTitle "EXT 2023"]
[Source "ChessBase"]
[SourceDate "2022.10.05"]
[SourceVersion "1"]
[SourceVersionDate "2022.10.05"]
[SourceQuality "1"]
[WhiteTeam "Kosice Slavia TU IV"]
[BlackTeam "Poprad LS VD"]
[WhiteTeamCountry "SVK"]
[BlackTeamCountry "SVK"]

1. e4 c5 2. Nf3 Nc6 3. d4 cxd4 4. Nxd4 d6 5. Nc3 a6 6. Bc4 e6 7. Be3 Be7 8. Qd2 Ne5 9. Be2 Qc7 10. f4 Nc4 11. Bxc4 Qxc4 12. 0-0-0 Bd7 13. e5 d5 14. f5 exf5 15. b3 Qc7 16. Nxd5 Qxe5 17. Nb6 Rd8 18. Nc4 Qf6 19. Rhe1 Be6 20. Na5 Rd7 21. Qc3 Bd8 22. Nc4 Ne7 23. Kb2 Nd5 24. Qd2 0-0 25. Qf2 Nxe3 26. Nxe3 Bb6 27. c3 Bxd4 28. cxd4 Rxd4 29. Rxd4 Qxd4+ 30. Kb1 f4 31. Nd1 Bf5+ 0-1

[Event "SVK-ch U14"]
[Site "Stara Lubovna"]
[Date "2021.06.28"]
[Round "4"]
[White "Smetana, Peter"]
[Black "Polomsky, Tomas"]
[Result "1/2-1/2"]
[WhiteElo "1629"]
[BlackElo "1425"]
[PlyCount "74"]
[EventDate "2021.06.26"]
[EventType "swiss"]
[EventRounds "9"]
[EventCountry "SVK"]
[SourceTitle "CBM 203 Extra"]
[Source "ChessBase"]
[SourceDate "2021.09.30"]
[SourceVersion "1"]
[SourceVersionDate "2021.09.30"]
[SourceQuality "1"]

1. e4 c5 2. Nf3 Nc6 3. Bb5 a6 4. Bxc6 dxc6 5. 0-0 g6 6. d3 Bg7 7. c3 Bg4 8. h3 Bd7 9. Be3 b6 10. d4 cxd4 11. Bxd4 Bxd4 12. Qxd4 f6 13. e5 c5 14. Qe3 Kf8 15. Nbd2 h5 16. Rfd1 Nh6 17. Nh4 Kg7 18. e6 Ba4 19. b3 Bb5 20. Ne4 Qe8 21. c4 Bc6 22. Rd2 g5 23. Nf3 Nf5 24. Qe1 Qc8 25. Ng3 Nxg3 26. fxg3 Qc7 27. Rad1 Rad8 28. Qe3 Rxd2 29. Rxd2 Bxf3 30. Qxf3 Qe5 31. Re2 Qd4+ 32. Kh2 Qd6 33. Kh1 Qd1+ 34. Kh2 g4 35. Qe4 gxh3 36. gxh3 Qd6 37. h4 Kh6 1/2-1/2

[Event "SVK-ch U12"]
[Site "Lubovna"]
[Date "2020.08.15"]
[Round "1"]
[White "Benci, Jozef1111"]
[Black "Polomsky, Tomas"]
[Result "1-0"]
[WhiteElo "1220"]
[BlackElo "1436"]
[PlyCount "101"]
[EventDate "2020.08.15"]
[EventType "swiss"]
[EventRounds "9"]
[EventCountry "SVK"]
[SourceTitle "EXT 2021"]
[Source "ChessBase"]
[SourceDate "2020.10.23"]
[SourceVersion "1"]
[SourceVersionDate "2020.10.23"]
[SourceQuality "1"]

1. e4 c5 2. Nc3 Nc6 3. f4 d6 4. Nf3 Nf6 5. Bb5 Bd7 6. 0-0 a6 7. Bxc6 Bxc6 8. d3 g6 9. Qe1 Bg7 10. Qh4 Qd7 11. Bd2 Qg4 12. Qf2 Nh5 13. Kh1 Nxf4 14. h3 Nxh3 15. gxh3 Qxh3+ 16. Nh2 0-0 17. Rae1 Be5 18. Qg2 Qxg2+ 19. Kxg2 f5 20. Bh6 Bxc3 21. bxc3 Rf7 22. Kg3 fxe4 23. Rxf7 Kxf7 24. dxe4 Ba4 25. Re2 Rc8 26. c4 Rc6 27. c3 Bd1 28. Rb2 b6 29. Nf3 Bxf3 30. Kxf3 b5 31. cxb5 axb5 32. Rxb5 Ra6 33. Rb2 Ra3 34. Rc2 Ke6 35. Kf4 c4 36. Ke3 d5 37. Kd4 dxe4 38. Kxe4 Kf6 39. Kd4 g5 40. Rg2 Ra5 41. Bxg5+ Rxg5 42. Rxg5 Kxg5 43. a4 Kf4 44. Kxc4 e5 45. a5 e4 46. a6 e3 47. Kd3 Kf3 48. a7 e2 49. a8Q+ Kf2 50. Qa2 h5 51. Qxe2+ 1-0

[Event "SVK-ch U10"]
[Site "Liptovsky Mikulas"]
[Date "2018.04.23"]
[Round "4"]
[White "Smetana, Peter"]
[Black "Polomsky, Tomas"]
[Result "0-1"]
[WhiteElo "1000"]
[BlackElo "1094"]
[PlyCount "86"]
[EventDate "2018.04.21"]
[EventType "swiss"]
[EventRounds "9"]
[EventCountry "SVK"]
[SourceTitle "CBM 184 Extra"]
[Source "ChessBase"]
[SourceDate "2018.06.28"]
[SourceVersion "1"]
[SourceVersionDate "2018.06.28"]
[SourceQuality "1"]

1. e4 c5 2. Nf3 Nc6 3. d4 cxd4 4. Nxd4 g6 5. Nxc6 bxc6 6. Bc4 Bg7 7. 0-0 Bb7 8. Bf4 d5 9. exd5 cxd5 10. Bb5+ Kf8 11. c4 Bxb2 12. Qd2 Bxa1 13. Bh6+ Nxh6 14. Qxh6+ Bg7 15. Qd2 a6 16. Ba4 dxc4 17. Qf4 Qd5 18. f3 Qh5 19. Qc7 Bd4+ 20. Rf2 Qd5 21. Qf4 Bc5 22. Nc3 Bxf2+ 23. Kxf2 Qd6 24. Qh6+ Kg8 25. h3 Qd4+ 26. Kg3 Qxc3 27. Qg5 f6 28. Qc5 Qe5+ 29. Qxe5 fxe5 30. Kf2 Rc8 31. Ke2 Bc6 32. Bc2 Kg7 33. Ke3 Rhd8 34. g3 c3 35. f4 Kf6 36. fxe5+ Kxe5 37. a3 a5 38. h4 a4 39. g4 Rd2 40. Bb1 Bb5 41. h5 c2 42. Bxc2 Rcxc2 43. hxg6 Rd3# 0-1

[Event "SVK-ch U10"]
[Site "Liptovsky Mikulas"]
[Date "2017.04.23"]
[Round "2"]
[White "Musaev, Matej Elbek"]
[Black "Polomsky, Tomas"]
[Result "1-0"]
[WhiteElo "1736"]
[BlackElo "1252"]
[PlyCount "37"]
[EventDate "2017.04.22"]
[EventType "swiss"]
[EventRounds "9"]
[EventCountry "SVK"]
[SourceTitle "CBM 178 Extra"]
[Source "ChessBase"]
[SourceDate "2017.06.22"]
[SourceVersion "1"]
[SourceVersionDate "2017.06.22"]
[SourceQuality "1"]

1. e4 c5 2. Nf3 d6 3. d4 cxd4 4. Nxd4 Nf6 5. Nc3 g6 6. Be3 Bg7 7. Be2 0-0 8. Qd2 Bd7 9. f3 a6 10. Bh6 Nc6 11. 0-0-0 Nxd4 12. Bxg7 Nxe2+ 13. Nxe2 Kxg7 14. h4 Bc6 15. h5 Nxh5 16. g4 Nf6 17. Qh6+ Kg8 18. e5 Bxf3 19. exf6 1-0

[Event "SVK-ch U08"]
[Site "Liptovsky Mikulas"]
[Date "2016.04.22"]
[Round "8"]
[White "Earle, Dominic James"]
[Black "Polomsky, Tomas"]
[Result "1-0"]
[WhiteElo "1000"]
[BlackElo "1000"]
[PlyCount "41"]
[EventDate "2016.04.16"]
[EventType "swiss"]
[EventRounds "9"]
[EventCountry "SVK"]
[SourceTitle "CBM 172 Extra"]
[Source "ChessBase"]
[SourceDate "2016.06.21"]
[SourceVersion "1"]
[SourceVersionDate "2016.06.21"]
[SourceQuality "1"]

1. d4 d5 2. Nf3 Nc6 3. Bf4 Bg4 4. e3 Bxf3 5. Qxf3 Nf6 6. Nc3 e6 7. 0-0-0 Qe7 8. Bb5 0-0-0 9. g4 e5 10. dxe5 Nxe5 11. Bxe5 Qxe5 12. Ba4 d4 13. exd4 Rxd4 14. Rxd4 Qxd4 15. Qf5+ Kb8 16. Rd1 Qxd1+ 17. Kxd1 Bd6 18. g5 Rd8 19. gxf6 Bxh2+ 20. Ke2 gxf6 21. Qxh7 1-0